<?xml version="1.0" encoding="UTF-8"?>
<record
    xmlns:xsi="http://www.w3.org/2001/XMLSchema-instance"
    xsi:schemaLocation="http://www.loc.gov/MARC21/slim http://www.loc.gov/standards/marcxml/schema/MARC21slim.xsd"
    xmlns="http://www.loc.gov/MARC21/slim">

  <leader>00476nam a2200169   4500</leader>
  <controlfield tag="003">SEACOMEC</controlfield>
  <controlfield tag="005">20250128121035.0</controlfield>
  <controlfield tag="008">250128b        |||||||| |||| 00| 0 eng d</controlfield>
  <datafield tag="020" ind1=" " ind2=" ">
    <subfield code="a">9788121928595</subfield>
    <subfield code="c">295.00</subfield>
  </datafield>
  <datafield tag="040" ind1=" " ind2=" ">
    <subfield code="a">SEACOMEC</subfield>
  </datafield>
  <datafield tag="082" ind1=" " ind2=" ">
    <subfield code="a">621.38</subfield>
    <subfield code="b">R161</subfield>
  </datafield>
  <datafield tag="100" ind1=" " ind2=" ">
    <subfield code="a"> Rajput, RK</subfield>
  </datafield>
  <datafield tag="245" ind1=" " ind2=" ">
    <subfield code="a">A Textbook of Mechatronics : </subfield>
    <subfield code="b">For Engineering Students of BE, B.Tech  Courses / </subfield>
    <subfield code="c">RK Rajput</subfield>
  </datafield>
  <datafield tag="260" ind1=" " ind2=" ">
    <subfield code="a">New Delhi : </subfield>
    <subfield code="b">S. Chand,</subfield>
    <subfield code="c"> 2007 </subfield>
  </datafield>
  <datafield tag="300" ind1=" " ind2=" ">
    <subfield code="a">618 p</subfield>
  </datafield>
  <datafield tag="942" ind1=" " ind2=" ">
    <subfield code="c">BOOK</subfield>
  </datafield>
  <datafield tag="952" ind1=" " ind2=" ">
    <subfield code="0">0</subfield>
    <subfield code="1">0</subfield>
    <subfield code="2">ddc</subfield>
    <subfield code="4">0</subfield>
    <subfield code="7">0</subfield>
    <subfield code="a">SEACOMEC</subfield>
    <subfield code="b">SEACOMEC</subfield>
    <subfield code="d">2008-07-30</subfield>
    <subfield code="l">0</subfield>
    <subfield code="o">621.38 R161</subfield>
    <subfield code="p">12444</subfield>
    <subfield code="r">2025-01-28 12:11:10</subfield>
    <subfield code="w">2025-01-28</subfield>
    <subfield code="y">BOOK</subfield>
  </datafield>
  <datafield tag="952" ind1=" " ind2=" ">
    <subfield code="0">0</subfield>
    <subfield code="1">0</subfield>
    <subfield code="2">ddc</subfield>
    <subfield code="4">0</subfield>
    <subfield code="7">0</subfield>
    <subfield code="a">SEACOMEC</subfield>
    <subfield code="b">SEACOMEC</subfield>
    <subfield code="d">2008-07-30</subfield>
    <subfield code="l">0</subfield>
    <subfield code="o">621.38 R161</subfield>
    <subfield code="p">12445</subfield>
    <subfield code="r">2025-01-28 12:11:10</subfield>
    <subfield code="t">1</subfield>
    <subfield code="w">2025-01-28</subfield>
    <subfield code="y">BOOK</subfield>
  </datafield>
  <datafield tag="952" ind1=" " ind2=" ">
    <subfield code="0">0</subfield>
    <subfield code="1">0</subfield>
    <subfield code="2">ddc</subfield>
    <subfield code="4">0</subfield>
    <subfield code="7">0</subfield>
    <subfield code="a">SEACOMEC</subfield>
    <subfield code="b">SEACOMEC</subfield>
    <subfield code="d">2008-07-30</subfield>
    <subfield code="l">0</subfield>
    <subfield code="o">621.38 R161</subfield>
    <subfield code="p">12446</subfield>
    <subfield code="r">2025-01-28 12:11:10</subfield>
    <subfield code="t">2</subfield>
    <subfield code="w">2025-01-28</subfield>
    <subfield code="y">BOOK</subfield>
  </datafield>
  <datafield tag="952" ind1=" " ind2=" ">
    <subfield code="0">0</subfield>
    <subfield code="1">0</subfield>
    <subfield code="2">ddc</subfield>
    <subfield code="4">0</subfield>
    <subfield code="7">0</subfield>
    <subfield code="a">SEACOMEC</subfield>
    <subfield code="b">SEACOMEC</subfield>
    <subfield code="d">2008-07-30</subfield>
    <subfield code="l">0</subfield>
    <subfield code="o">621.38 R161</subfield>
    <subfield code="p">12447</subfield>
    <subfield code="r">2025-01-28 12:11:10</subfield>
    <subfield code="t">3</subfield>
    <subfield code="w">2025-01-28</subfield>
    <subfield code="y">BOOK</subfield>
  </datafield>
  <datafield tag="952" ind1=" " ind2=" ">
    <subfield code="0">0</subfield>
    <subfield code="1">0</subfield>
    <subfield code="2">ddc</subfield>
    <subfield code="4">0</subfield>
    <subfield code="7">0</subfield>
    <subfield code="a">SEACOMEC</subfield>
    <subfield code="b">SEACOMEC</subfield>
    <subfield code="d">2008-07-30</subfield>
    <subfield code="l">0</subfield>
    <subfield code="o">621.38 R161</subfield>
    <subfield code="p">12448</subfield>
    <subfield code="r">2025-01-28 12:11:10</subfield>
    <subfield code="t">4</subfield>
    <subfield code="w">2025-01-28</subfield>
    <subfield code="y">BOOK</subfield>
  </datafield>
  <datafield tag="952" ind1=" " ind2=" ">
    <subfield code="0">0</subfield>
    <subfield code="1">0</subfield>
    <subfield code="2">ddc</subfield>
    <subfield code="4">0</subfield>
    <subfield code="7">0</subfield>
    <subfield code="a">SEACOMEC</subfield>
    <subfield code="b">SEACOMEC</subfield>
    <subfield code="d">2009-03-03</subfield>
    <subfield code="l">0</subfield>
    <subfield code="o">621.38 R161</subfield>
    <subfield code="p">14036</subfield>
    <subfield code="r">2025-01-28 12:12:18</subfield>
    <subfield code="t">5</subfield>
    <subfield code="w">2025-01-28</subfield>
    <subfield code="y">BOOK</subfield>
  </datafield>
  <datafield tag="952" ind1=" " ind2=" ">
    <subfield code="0">0</subfield>
    <subfield code="1">0</subfield>
    <subfield code="2">ddc</subfield>
    <subfield code="4">0</subfield>
    <subfield code="7">0</subfield>
    <subfield code="a">SEACOMEC</subfield>
    <subfield code="b">SEACOMEC</subfield>
    <subfield code="d">2009-03-03</subfield>
    <subfield code="l">0</subfield>
    <subfield code="o">621.38 R161</subfield>
    <subfield code="p">14037</subfield>
    <subfield code="r">2025-01-28 12:12:18</subfield>
    <subfield code="t">6</subfield>
    <subfield code="w">2025-01-28</subfield>
    <subfield code="y">BOOK</subfield>
  </datafield>
  <datafield tag="952" ind1=" " ind2=" ">
    <subfield code="0">0</subfield>
    <subfield code="1">0</subfield>
    <subfield code="2">ddc</subfield>
    <subfield code="4">0</subfield>
    <subfield code="7">0</subfield>
    <subfield code="a">SEACOMEC</subfield>
    <subfield code="b">SEACOMEC</subfield>
    <subfield code="d">2009-03-03</subfield>
    <subfield code="l">0</subfield>
    <subfield code="o">621.38 R161</subfield>
    <subfield code="p">14038</subfield>
    <subfield code="r">2025-01-28 12:12:18</subfield>
    <subfield code="t">7</subfield>
    <subfield code="w">2025-01-28</subfield>
    <subfield code="y">BOOK</subfield>
  </datafield>
  <datafield tag="952" ind1=" " ind2=" ">
    <subfield code="0">0</subfield>
    <subfield code="1">0</subfield>
    <subfield code="2">ddc</subfield>
    <subfield code="4">0</subfield>
    <subfield code="7">0</subfield>
    <subfield code="a">SEACOMEC</subfield>
    <subfield code="b">SEACOMEC</subfield>
    <subfield code="d">2009-03-03</subfield>
    <subfield code="l">0</subfield>
    <subfield code="o">621.38 R161</subfield>
    <subfield code="p">14039</subfield>
    <subfield code="r">2025-01-28 12:12:18</subfield>
    <subfield code="t">8</subfield>
    <subfield code="w">2025-01-28</subfield>
    <subfield code="y">BOOK</subfield>
  </datafield>
  <datafield tag="952" ind1=" " ind2=" ">
    <subfield code="0">0</subfield>
    <subfield code="1">0</subfield>
    <subfield code="2">ddc</subfield>
    <subfield code="4">0</subfield>
    <subfield code="7">0</subfield>
    <subfield code="a">SEACOMEC</subfield>
    <subfield code="b">SEACOMEC</subfield>
    <subfield code="d">2009-03-03</subfield>
    <subfield code="l">0</subfield>
    <subfield code="o">621.38 R161</subfield>
    <subfield code="p">14040</subfield>
    <subfield code="r">2025-01-28 12:12:18</subfield>
    <subfield code="t">9</subfield>
    <subfield code="w">2025-01-28</subfield>
    <subfield code="y">BOOK</subfield>
  </datafield>
  <datafield tag="999" ind1=" " ind2=" ">
    <subfield code="c">1973</subfield>
    <subfield code="d">1973</subfield>
  </datafield>
</record>
